000 00459nam a2200145 4500
999 _c512691
_d512691
008 191209b ||||| |||| 00| 0 eng d
100 _aKumar, Sunit
_914375
245 _aPrinciples of cyberwar
260 _bJournal of the United Service Institution of India
300 _a149(617), Jul-Sep, 2019: p.393-400.
700 _aJaiswal, Anurag
_914376
773 _aJournal of the United Service Institution of India
906 _aCyberwar
942 _2ddc
_cAR